| 000 | 01134nam a2200253 i 4500 | ||
|---|---|---|---|
| 001 | 23048 | ||
| 003 | ES-MaACL | ||
| 005 | 20230906152815.0 | ||
| 007 | t| | ||
| 008 | 021205s1976 sp b |||| |dspa d | ||
| 020 | _a84-00-03496-1 | ||
| 080 | _a929.7(46)"18"(093.2) | ||
| 080 | _a930.255(463.1 V.) Chancillería | ||
| 245 | 0 | 0 |
_aPleitos de hidalguía que se conservan en el Archivo de la Real Chancillería de Valladolid _b: extracto de sus expedientes : siglo XIX / _cextractados, ordenados y papeleteados, bajo la dirección de Vicente de Cadenas y Vicent, por María Esperanza Alonso ... [et al.]. |
| 260 |
_aMadrid : _bHidalguía : _bInstituto Salazar y Castro, _c1976. |
||
| 300 |
_a9 v. ; _c25 cm. |
||
| 610 | 0 | 4 |
_aArchivo de la Real Chancillería de Valladolid- _vCatálogos. _9169243 |
| 650 | 4 |
_aProcesos de hidalguía- _vHistoria- _vFuentes- _vBibliografías. _9169244 |
|
| 700 | 1 |
_aCadenas y Vicent, Vicente de. _933391 |
|
| 700 | 1 |
_aAlonso, María Esperanza. _920232 |
|
| 710 | 2 |
_aInstituto Salazar y Castro. _95230 |
|
| 710 | 2 |
_aArchivo de la Real Chancillería de Valladolid. _91426 |
|
| 852 |
_aES-MaACL _jL-10366-74 |
||
| 999 |
_c23048 _d23048 |
||